Rupaul's Drag Race Challenge Winners - Statistics

General Stats
  • This quiz has been taken 207 times
    174 since last reset
  • The average score is 54 of 82
Answer Stats
Season Queen % Correct
S1 Bebe Zahara Benet
96%
S3 Raja
96%
S1 Nina Flowers
94%
S1 Ongina
94%
S2 Raven
94%
S3 Manila Luzon
92%
S2 Tyra Sanchez
92%
S1 Rebecca Glasscock
91%
S3 Alexis Mateo
87%
S6 Bianca Del Rio
86%
S4 Sharon Needles
84%
S2 Tatianna
84%
S5 Alaska
83%
S4 Chad Michaels
83%
S5 Detox
83%
S5 Jinkx Monsoon
83%
S5 Roxxxy Andrews
83%
S3 Shangela
83%
S3 Yara Sofia
83%
S6 Adore Delano
82%
S6 Courtney Act
81%
S4 Phi Phi O'Hara
81%
S4 Latrice Royale
79%
S7 Violet Chachki
79%
S8 Bob the Drag Queen
78%
S7 Katya
77%
S8 Kim Chi
77%
S7 Ginger Minj
76%
S2 Morgan McMichaels
76%
S5 Alyssa Edwards
75%
S6 BendelaCreme
74%
S10 Aquaria
72%
S5 Coco Montrese
72%
S7 Pearl
72%
S6 Darienne Lake
71%
S8 Naomi Smalls
71%
S5 Ivy Winters
70%
S2 Jessica Wild
70%
S4 Willam
69%
S7 Kennedy Davenport
68%
S9 Shea Coulee
68%
S9 Sasha Velour
67%
S10 Eureka
65%
S11 Yvie Oddly
65%
S9 Trinity Taylor
63%
S8 Chi Chi DeVayne
62%
S9 Peppermint
62%
S13 Gottmik
61%
S2 Sahara Davenport
61%
S13 Symone
61%
S13 Rose
60%
S12 Gigi Goode
58%
S11 Brooke Lynn Hytes
57%
S13 Kandy Muse
57%
S6 Laganja Estranja
57%
S10 Asia O'Hara
56%
S8 Derrick Barry
56%
S12 Jaida Essence Hall
56%
S7 Max
56%
S10 Kameron Michaels
54%
S9 Valentina
54%
S4 Madame LaQueer
52%
S11 Silky Nutmeg Ganache
51%
S12 Crystal Methyd
50%
S8 Robbie Turner
50%
S13 Denali
49%
S5 Lineysha Sparx
49%
S10 Miz Cracker
47%
S13 Olivia Lux
47%
S11 Akeria C Davenport
46%
S9 Alexis Michelle
46%
S9 Nina Bo'nina Brown
45%
S12 Sherry Pie
45%
S12 Heidi N Closet
41%
S10 Mayhem Miller
40%
S12 Widow Von Du
40%
S11 Nina West
39%
S10 The Vixen
39%
S11 Plastique Tiara
37%
S3 Stacey Layne Matthews
37%
S13 Utica Queen
36%
S11 Scarlet Envy
35%
No matching quizzes found
Score Distribution
Percent of People with Each Score
Percentile by Number Answered
Your Score History
You have not taken this quiz since the last reset